Normal view
MARC view
- Conkey, MC
Entry Personal Name
001 - CONTROL NUMBER
- control field: 7076
003 - CONTROL NUMBER IDENTIFIER
- control field: OSt
005 - DATE AND TIME OF LATEST TRANSACTION
- control field: 20250205122734.0
008 - FIXED-LENGTH DATA ELEMENTS
- fixed length control field: 250205|| aca||aabn | a|a d
040 ## - CATALOGING SOURCE
- Original cataloging agency: OSt
- Transcribing agency: OSt
100 ## - HEADING--PERSONAL NAME
- Personal name: Conkey, MC
670 ## - SOURCE DATA FOUND
- Source citation: Work cat.: (OSt)19304: Eastop, TD 7075, Applied Thermodynamics for Engineering Technologist , 1989.
